| 000 -ლიდერი |
| ფიქსირებული სიგრძის საკონტროლო ველი |
00951nam a22002057a 4500 |
| 003 - საკონტროლო ნომრის იდენტიფიკატორი |
| საკონტროლო ველი |
Ge_BSU |
| 005 - ბოლო ოპერაციის თარიღი და დრო |
| საკონტროლო ველი |
20221128120255.0 |
| 008 - ფიქსირებული სიგრძის მონაცემთა ელემენტები - ზოგადი ინფორმაცია |
| ფიქსირებული სიგრძის საკონტროლო ველი |
221128s1979ge xxu||||| |||| 00| 0 geo d |
| 041 ## - ენის კოდი |
| Language code of text/sound track or separate title |
geo |
| 080 ## - უნივერსალური ათობითი კლასიფიკაციის ინდექსი |
| Universal Decimal Classification number |
821.353.1-31 ჩ-97 |
| 100 ## - მთავარი ჩანაწერი - პიროვნების სახელი |
| Personal name |
ჩხეიძე, ოთარ, 1920-2007. |
| 9 (RLIN) |
16141 |
| 245 ## - ცნობა სათაურის შესახებ |
| Title |
ბურუსი ; აღმართ-აღმართ ; ნაკრძალი : |
| Remainder of title |
[რომანები] / |
| Statement of responsibility, etc |
ოთარ ჩხეიძე, რედ. თამარ დაუშვილი. |
| 250 ## - გამოცემის ცნობა |
| Edition statement |
მე-2 გამოც. |
| 264 ## - წარმოების, გამოცემის, დისტრიბუციის და სხვა ცნობები |
| გამოცემის, წარმოების, დისტრიბუციის... ადგილი |
თბილისი : |
| გამოცემის, წარმოების, დისტრიბუციის... სახელწოდება |
საბჭოთა საქართველო, |
| გამოცემის, წარმოების, დისტრიბუციის... თარიღი |
1979. |
| 300 ## - ფიზიკური აღწერა |
| Extent |
712 გვ. ; |
| Other physical details |
20 სმ. |
| 653 ## - INDEX TERM--UNCONTROLLED |
| Uncontrolled term |
ბურუსი ; აღმართ-აღმართ ; ნაკრძალი |
| 653 ## - INDEX TERM--UNCONTROLLED |
| Uncontrolled term |
რომანები |
| 700 ## - ADDED ENTRY--PERSONAL NAME |
| Personal name |
დაუშვილი, თამარ |
| Relator term |
რედაქტორი |
| 9 (RLIN) |
16142 |
| 942 ## - ADDED ENTRY ELEMENTS (KOHA) |
| Source of classification or shelving scheme |
|
| Koha item type |
წიგნი |